{"text_format":"3","workbook":"xlsx","n_sheets":2,"sheets":["预算书","Sheet1"],"read":"whole","date_system":"1900"}

{"sheet":"预算书","index":0,"n_rows":35,"n_cols":7,"rows_kept":35,"merged":[[0,0,0,6]]}
["广州医科大学附属番禺中心医院门诊3楼8区美容整形科装修项目工程量清单"]
["序号","项目名称","单位","工程量","单价（元）","合计（元）","备注"]
["一","拆除部分"]
[1,"拆除原电动卷闸","m2",10.4]
[2,"拆除原收发柜台","m2",4.8]
[3,"拆除天花板及卷闸箱体","m2",38.4]
[4,"拆除地面","m2",38.4,null,null,"只打凿地砖层"]
[5,"拆除原水电线路及灯具","m2",38.4]
[6,"拆除墙体","m2",0.8]
[7,"拆除更衣室墙体（钢质板）","m2",2.1,null,null,"约1000*2100"]
["二","装饰装修部分"]
[1,"砌筑加气砖","m2",15.2]
[2,"双面水泥沙抹灰","m2",30.4]
[3,"外走廊墙体贴抛光砖","m2",15.2,null,null,"规格、颜色、款式与原来一致"]
[4,"安装轻钢龙骨硅酸钙板间隔墙（內填隔音岩棉）","m2",44.9,null,null,"到楼板底。100龙骨、双面10厚硅酸钙板"]
[5,"安装踢脚线","米",12.82]
[6,"安装手动推拉门及门套（富美家防火板木门）","套",2,null,null,"约1.1*2.1"]
[7,"安装污物出口（铝合金磨砂玻璃门）","套",1,null,null,"800*800"]
[8,"安装钢质平开门及门套","套",1,null,null,"更衣室位置、材质及款式与原来一致"]
[9,"修补地面门槛石或","项",1]
[10,"安装硅酸钙天花板","m2",38.4,null,null,"600*600，款式选型"]
[11,"地面铺同质透心地板胶（含自流平）","m2",38.4,null,null,"2mm厚，款式选型。完成后与原地面一样高"]
[12,"室内墙面刮腻子油乳胶漆","m2",50.32]
["三","水电安装部分"]
[1,"电线电路敷设","m2",38.4,null,null,"含照明、紫外线消毒灯、插座及给排水安装等"]
[2,"室内排气","项",1,null,null,"含排气扇、排气管道敷设"]
[3,"室内消防改造","项",1,null,null,"增加烟温感及喷淋头"]
["四","其他"]
[1,"空气治理","项",1,null,null,"治理后提供有CMA认证的检测报告"]
[2,"建筑材料、废料二次运输","项",1]
[3,"建筑废料清理及外运","项",1]
[4,"成品保护等措施费（含区域围蔽）","项",1]
["五","以上小计"]
["六","税费"]
["七","合计"]

{"sheet":"Sheet1","index":1,"n_rows":25,"n_cols":7,"rows_kept":25,"hidden":true,"merged":[[0,0,0,6],[1,0,1,6],[3,1,3,6],[19,2,19,6],[20,2,20,6],[21,2,21,6],[22,1,22,6],[23,0,23,6],[24,5,24,6]]}
["番禺中心医院住院部新生儿监护室改造工程预算"]
["地址：番禺区中心医院住院部儿科新生儿监护室"]
["序号","工程项目","单位","数量","单价","合价","备注"]
["（一）","工程项目"]
[1,"拆除旧地板胶","㎡",42,8,336]
[null,"人工凿除自流平层","㎡",42,15,{"$f":"D6*E6","v":630},"含胶水"]
[null,"地面铺地板胶","㎡",42,220,9240]
[2,"修复地板胶","㎡",5,500,500,"零星部位"]
[null,"重新修复地面伸缩缝接口","项",1,500,500,"结构胶修复，含拆除"]
[3,"拆除并修复室内风口","套",20,300,6000,"重新安装"]
[4,"安装LED筒灯","套",5,50,250,"PICU室"]
[5,"家属探视区定二次排水","项",1,1000,{"$f":"D12*E12","v":1000},"不锈钢板压型，引流"]
[null,"拆装排气扇","项",1,500,500,"损坏、脱落等，含修复周边天花板"]
[null,"天面防水","米",12,100,1200,"凿除，重新做"]
[null,"铝合金弧形压条","米",3,40,120]
[null,"更换洗手盆下水器","套",2,500,1000,"含不锈钢排水管，并密封"]
[null,"公共走廊防水处理","项",1,500,500]
[6,"清洁及余泥外运","项",1,1000,1000]
[7,"安全防护、文明施工措施费","项",1,2000,2000]
["（二）","小计：",{"$f":"SUM(F5:F19)","v":24776}]
["（三）","税金、管理费：（二）*10％",{"$f":"C20*0.1","v":2477.6}]
["（四）","合计：",{"$f":"SUM(C20:G21)","v":27253.6}]
[null,"大写："]
[]
[{"$nulls":5},"2015-12-10"]